000 00345 a2200157 4500
001 58471
020 _a8587607243
040 _cAnchieta - Pituba
100 _aMiranda, Murilo
240 1 0 _aAs duas pontas da vida
_lpor
245 1 0 _aAs duas pontas da vida
300 _a288
362 0 _a2002
650 4 _aFicção brasileira
942 _cBK
999 _c58471
_d58471